000 00653nam a2200193Ia 4500
003 GCL
008 140319s9999 xx 000 0 ara d
020 _a9180291977
040 _aGCL /
_cGCL
082 0 4 _a813.009
_bا ت
100 1 _aاحمد بدران
245 1 0 _aالتوجهات النقدية لروايةعودة الروح /
_cاحمد بدران
250 _aالاولى
260 _aالقاهرة :
_bمركز الحضارة العربية للاعلام والنشر ،
_c1999
300 _a127 ص ؛
_c20 سم
650 0 4 _aالادب المصرى
650 0 4 _aالقصة العربية - تاريخ ونقد
942 _2ddc
_cBK
999 _c4724
_d4724